Movie Click Quiz by Letterboxd Description - B - Statistics

General Stats
  • This quiz has been taken 137 times
  • The average score is 7 of 10
Answer Stats
Hint Answer % Correct
He was the perfect weapon until he became the target. Bourne Identity (The)
82%
They only met once, but it changed their lives forever. Breakfast Club (The)
74%
It's good knowin' he's out there. The Dude. Takin' 'er easy for all us sinners. Big Lebowski (The)
73%
Sometimes, to follow your dreams...you've got to bend the rules! Bend It Like Beckham
72%
The life of a dream, the days of a business, and the nights in between. Boogie Nights
68%
They'll never get caught. They're on a mission from God. Blues Brothers (The)
64%
Every man dies. Not every man truly lives. Braveheart
64%
Never lose sight of survival. Bird Box
62%
Have you ever danced with the devil in the pale moonlight? Batman
59%
Close your eyes, but keep your mind wide open. Bridge to Terabithia
50%
No matching quizzes found
Score Distribution
Percent of People with Each Score
Percentile by Number Answered
Your Score History
You have not taken this quiz